000 00945nam a22002175i 4500
001 171153
003 ES-MaACL
005 20250928134516.0
008 090430s1880 sp |||| | spa d
100 1 _aCuartero, Manuel.
_9126653
245 1 3 _aEl gran artista
_b: zarzuela en un acto y en prosa /
_cletra de Manuel Cuartero y Waldo Ferrer y Garayta ; música del maestro Pedro Urrutia.
260 _aMadrid :
_b[s.n.],
_c1880 (
_fEst. tip. de M. P. Montoya)
300 _a20 p. ;
_c18 cm.
500 _aEn port.: Representada en el teatro del Recreo la noche del 20 de enero de 1879.
500 _aSolo la letra.
700 1 _aUrrutia, Pedro,
_d1850-1917
_9139996
700 1 _aFerrer Garayta, Waldo.
_9139994
852 _aES-MaACL
_jF-8587(17)
_qFalto de la cub. original
_zEnc. pasta española
_zEnc. en un vol. facticio formando parte de la col. "Teatro español moderno", vol. 40
942 _2udc
999 _c171153
_d171153